Вып. 24; Ветераны

Dades bibliogràfiques
Parent link:Ветераны: воспоминания/ Нефтяная компания "Роснефть". Вып. 24.— , 1991-
Sumari:Сборник содержит воспоминания ветеранов-нефтяников и статьи, посвященные истории нефтяной и газовой промышленности России, рассказывает о деятельности Совета пенсионеров-ветеранов войны и труда ОАО "НК "Роснефть" (бывшего Совета ветеранов центрального аппарата Миннефтепрома СССР и Главнефтесбыта РСФСР). Сборник направлен на пропаганду трудовых достижений работников отрасли и патриотическое воспитание молодежи. Он предназначен для современного поколения нефтяников, молодых специалистов, и всех, кто интересуется историей нефтяной и газовой промышленности нашей страны.
Idioma:rus
Publicat: 2011
Matèries:
Format: MixedMaterials Llibre
KOHA link:https://koha.lib.tpu.ru/cgi-bin/koha/opac-detail.pl?biblionumber=202395

MARC

LEADER 00000nam2a2200000 4500
001 202395
005 20231101225105.0
010 |a 9785936230103 
035 |a (RuTPU)RU\TPU\book\220552 
035 |a RU\TPU\book\196589 
090 |a 202395 
100 |a 20111012d2011 m y0rusy50 ca 
101 0 |a rus 
102 |a RU 
105 |a a z 100zd 
200 0 |a Вып. 24 
210 |d 2011 
215 |a 240 с.  |c ил. 
330 |a Сборник содержит воспоминания ветеранов-нефтяников и статьи, посвященные истории нефтяной и газовой промышленности России, рассказывает о деятельности Совета пенсионеров-ветеранов войны и труда ОАО "НК "Роснефть" (бывшего Совета ветеранов центрального аппарата Миннефтепрома СССР и Главнефтесбыта РСФСР). Сборник направлен на пропаганду трудовых достижений работников отрасли и патриотическое воспитание молодежи. Он предназначен для современного поколения нефтяников, молодых специалистов, и всех, кто интересуется историей нефтяной и газовой промышленности нашей страны. 
461 1 |0 (RuTPU)RU\TPU\book\140670  |t Ветераны  |o воспоминания  |f Нефтяная компания "Роснефть"  |v Вып. 24  |d 1991-   |s Из истории развития нефтяной и газовой промышленности 
606 1 |a Нефтегазовое дело  |x История  |2 stltpush  |3 (RuTPU)RU\TPU\subj\64626  |9 81435 
610 1 |a нефтяная промышленность 
610 1 |a ветераны 
610 1 |a воспоминания 
610 1 |a нефтяники 
610 1 |a 20 век 
610 1 |a Башкирия 
610 1 |a нефть 
610 1 |a геофизические работы 
610 1 |a нефтяной газ 
610 1 |a Западно-Сибирский нефтегазовый комплекс 
610 1 |a Самарский край 
610 1 |a программно-целевые методы 
675 |a 622.323(09)  |v 3 
801 1 |a RU  |b 63413507  |c 20100607 
801 2 |a RU  |b 63413507  |c 20111024  |g RCR 
942 |c BK